Регионална библиотека "Любен Каравелов" - Русе

Бели градове (Запис номер 42417)

MARC детайли
000 -Лидер
Контролно поле с фиксирана дължина 01654nam a2200337 c 4500
003 - Код на организацията, давaща контролен номер
Контролно поле BLK
005 - Дата и час на последна редакция
Контролно поле 20210605124720.0
008 - Елементи от данни с фиксирана дължина
fixed length control field 180408b bul|||||r ||||||| ||bul||
010 ## - Наследен системен номер
LC control number KNG00046082000
040 ## - Източник на каталожния запис
Идентификатор на билиотеката - собственик на записа BLK
041 ## - Код за език
Код за езика на текст/звукозапис или на отделно заглавие Български
Код за езика КДБФ Български
080 ## - УДК
Текстов определител УДК Руска литература
УДК код - определител по УДК 821.161.1
УДК определител -32
УДК - код + определител 821.161.1-32
080 ## - УДК
Текстов определител УДК Руска литература
УДК код - определител по УДК 821.161.1
УДК определител -4
УДК - код + определител 821.161.1-4
100 1# - Редна дума - Автор
Автор Вампилов, Александър Валентинович
Авторска отговорност първи автор
R(LIN) 45262
139 ## - Редно поле
Редна дума Вампилов, Александър Валентинович
Авторски знак Вал - В 18
245 10 - Сведения за заглавието
Заглавие Бели градове
Подзаглавни данни Разкази и очерци
Редно поле (дума) Александър Валентинович Вампилов; прев. от рус. и предг. Златко Николов Стайков; с послесл. от Вячеслав Максимович Шугаев.
257 ## - Страна на издаване
Страна на създаване/издаване СССР
260 ## - Област на издателските данни
-- София
Име на издателя, разпространителя и проч. Нар. култура
Година на издаване 1981
300 ## - Физическа характеристика
Страници 207 с.
Размери/Мащаб 16 см
380 ## - Жанр
Жанр Худож. лит.
490 1# - СЕРИИ (Колекции)
Име на серия Библиотека Панорама
№: серия 137
490 1# - СЕРИИ (Колекции)
-- Подсерия
Име на серия Серия Проза
№: серия 104
500 ## - Общи забележки
Забележка Ориг. загл. Белые города. - 10 125 тир. - Съдържа и Александър Вампилов - живот и дати.
700 1# - Други автори (авторска отговорност)
Лично име Стайков, Златко Николов
Автороска отговорност (Описва отношението между автора и произведението) прев. от рус. и предг.
9 (RLIN) 278193
700 1# - Други автори (авторска отговорност)
Лично име Шугаев, Вячеслав Максимович
Автороска отговорност (Описва отношението между автора и произведението) с послесл. от
9 (RLIN) 144216
852 ## - Местоположение
Форматна сигнатура Цб І 18896
856 4# - Електронен адрес и достъп
Електронен формат pdf - файл
Път до файла /url/
856 4# - Електронен адрес и достъп
Електронен формат pdf - файл
Път до файла /url/
942 ## - АРТИКУЛИ
Вид на библиотечния материал Книги
Скрит в OPAC Не
Koha issues (borrowed), all copies 2
944 ## - СЪЗДАВАНЕ И РЕДАКЦИЯ на ЗАПИСА
Създаване/Редакция Създаване
Дата на регистрацията/редакция 31.08.2016
Служител, извършил регистрацията/редакцията Кети_Илиева
944 ## - СЪЗДАВАНЕ И РЕДАКЦИЯ на ЗАПИСА
Създаване/Редакция Редакция
Дата на регистрацията/редакция 31.08.2016
Служител, извършил регистрацията/редакцията Кети_Илиева
999 ## - СИСТЕМНИ КОНТРОЛНИ НОМЕРА
Koha biblionumber 42417
Koha biblioitemnumber 42417
Наличности
Код за отписване Код за изгубен артикул Източник на класификационната схема Код за повреда Коз за рестрикции Код за отдаване Артикулен № Име на библиотеката - собственик Име на библиотеката, в която се намира в момента Статус (Текущо местоположение) Дата на вписване в системата Местоположение - отдел Цена в лева Инвентарен номер Систематично азбучна сигнатура Баркод Номер на екземпляра Цена в евро Служебна бележка Служебен тип на артикула
  Не е изгубен Universal Decimal Classification Не е повреден без рестрикции ползва се в читалня 66760 Регионална библиотека "Любен Каравелов" Русе Регионална библиотека "Любен Каравелов" Русе Хранилище 1981-01-01 Хранилище 0.86 330263 Цб І 18896 120000330263 1 0.44 Вид: Сф Дата: 01.01.1981 Книги
Изтеглен Не е изгубен Universal Decimal Classification Не е повреден без рестрикции заемане за дома 66761 Регионална библиотека "Любен Каравелов" Русе Регионална библиотека "Любен Каравелов" Русе Заемна - подръчен фонд 1981-01-01 Заемна - подръчен фонд 0.86 328872 П 882-3/В 18 328872 2 0.44 Вид: Сф Дата: 01.01.1981 Книги
Изтеглен Не е изгубен Universal Decimal Classification Не е повреден без рестрикции заемане за дома 66762 Регионална библиотека "Любен Каравелов" Русе Регионална библиотека "Любен Каравелов" Русе Заемна - подръчен фонд 1981-01-01 Заемна - подръчен фонд 0.86 328873 П 882-3/В 18 120000328873 3 0.44 Вид: Сф Дата: 01.01.1981 Дата инв: 09.02.2018 Бележки инв: П2018 Книги
Vip Innovations Ltd, Rousse, Bulgaria 2025